Language Quiz

Random Language or Letter Quiz

Word Hourglass XII Quiz Stats

 Plays Quiz Updated May 12, 2016

Also try: Word Hourglass XI
Challenge
Share
Tweet
Embed
Score 0/9 Timer 01:30
9 Plays Today
Clue Word % Correct
Matriarch on 'The Simpsons'MARGE
96.8%
Capital of ItalyROME
91.9%
Patriarch on 'The Simpsons'HOMER
90.6%
A homophone of the note that precedes faME
86%
A note to follow doRE
85.8%
14, in hexadecimalE
85.1%
Tavern owner in SpringfieldMOE
83.2%
Exam for a future Ph.D. student in the U.S.GRE
60.1%
Component of a pocket watchGEAR
52.4%

You're not logged in!

Compare scores with friends on all Sporcle quizzes.
OR
Log In

You Might Also Like...

Show Comments

Extras

Top Quizzes Today


Score Distribution

Your Account Isn't Verified!

In order to create a playlist on Sporcle, you need to verify the email address you used during registration. Go to your Sporcle Settings to finish the process.

Report this User

Report this user for behavior that violates our Community Guidelines.

Details: